00622nam a2200229 a 450000500170000000800410001703500190005810000220007722200180009924500830011730000120020036200200021250500150023265300290024765300210027665300220029765300160031965300120033590400150034790500130036299900170037520210219153524.0991125n 000 0 u aUPN01000104665 aTerry, Eleanor F. aNASPA JOURNAL aValues systems change and the collegiate environment : the freshman experience a261-267 a29, No. 4, 1992 aEnero 19930 aACTITUDES DEL ESTUDIANTE0 aAMBIENTE ESCOLAR0 aCAMBIO DE ACTITUD0 aESTUDIANTES0 aVALORES aACb042476 aArticulo c79049d79049